Математика: учебное пособие для абитуриентов
| Awdur Corfforaethol: | |
|---|---|
| Awduron Eraill: | , , , , , , , |
| Crynodeb: | Заглавие с титульного экрана Электронная версия печатной публикации Пособие ориентировано на самостоятельную подготовку абитуриентов. Задачи и упражнения в пособии подобраны с учетом практики обучения в подразделениях Центра Управления контингентом студентов и ориентировано на подготовку к итоговой аттестации по математике в форме ЕГЭ, а также для вступительных испытаний в Томскийполитехнический университет. |
| Iaith: | Rwseg |
| Cyhoeddwyd: |
Томск, Изд-во ТПУ, 2012
|
| Pynciau: | |
| Mynediad Ar-lein: | http://www.lib.tpu.ru/fulltext/m/2016/m02.pdf |
| Fformat: | Electronig Llyfr |
| KOHA link: | https://koha.lib.tpu.ru/cgi-bin/koha/opac-detail.pl?biblionumber=342289 |
MARC
| LEADER | 00000nlm0a2200000 4500 | ||
|---|---|---|---|
| 001 | 342289 | ||
| 005 | 20231226115944.0 | ||
| 035 | |a (RuTPU)RU\TPU\book\371002 | ||
| 035 | |a RU\TPU\book\341227 | ||
| 090 | |a 342289 | ||
| 100 | |a 20190123d2012 m y0rusy50 ca | ||
| 101 | 0 | |a rus | |
| 102 | |a RU | ||
| 105 | |a a j 001zy | ||
| 135 | |a drcn ---uucaa | ||
| 181 | 0 | |a i | |
| 182 | 0 | |a b | |
| 200 | 1 | |a Математика |e учебное пособие для абитуриентов |f О. Б. Алешина [и др.] |g Национальный исследовательский Томский политехнический университет (ТПУ) | |
| 203 | |a Текст |c электронный | ||
| 210 | |a Томск |c Изд-во ТПУ |d 2012 | ||
| 300 | |a Заглавие с титульного экрана | ||
| 300 | |a Электронная версия печатной публикации | ||
| 330 | |a Пособие ориентировано на самостоятельную подготовку абитуриентов. Задачи и упражнения в пособии подобраны с учетом практики обучения в подразделениях Центра Управления контингентом студентов и ориентировано на подготовку к итоговой аттестации по математике в форме ЕГЭ, а также для вступительных испытаний в Томскийполитехнический университет. | ||
| 337 | |a Adobe Reader | ||
| 452 | 1 | |0 (RuTPU)RU\TPU\book\262776 |t Математика |o учебное пособие для абитуриентов |f О. Б. Алешина [и др.] |g Национальный исследовательский Томский политехнический университет (ТПУ) |c Томск |n Изд-во ТПУ |d 2012 |p 325 с. | |
| 606 | 1 | |a Математика |2 stltpush |3 (RuTPU)RU\TPU\subj\67327 |9 83171 | |
| 610 | 1 | |a электронный ресурс | |
| 610 | 1 | |a учебные пособия | |
| 610 | 1 | |a труды учёных ТПУ | |
| 610 | 1 | |a натуральные числа | |
| 610 | 1 | |a дроби | |
| 610 | 1 | |a целые числа | |
| 610 | 1 | |a алгебраические неравенства | |
| 610 | 1 | |a алгебраические уравнения | |
| 610 | 1 | |a показательные неравенства | |
| 610 | 1 | |a показательные уравнения | |
| 610 | 1 | |a логарифмические неравенства | |
| 610 | 1 | |a логарифмические уравнения | |
| 610 | 1 | |a тригонометрия | |
| 610 | 1 | |a производные | |
| 610 | 1 | |a планиметрия | |
| 610 | 1 | |a стереометрия | |
| 610 | 1 | |a уравнения | |
| 610 | 1 | |a неравенства | |
| 675 | |a 51(07) |v 3 | ||
| 701 | 1 | |a Алешина |b О. Б. |g Ольга Борисовна | |
| 701 | 1 | |a Долгушева |b Н. В. |c математик |c старший преподаватель Томского политехнического университета |f 1949- |g Надежда Васильевна |3 (RuTPU)RU\TPU\pers\31121 | |
| 701 | 1 | |a Киреенко |b С. Г. |g Светлана Григорьевна | |
| 701 | 1 | |a Некряч |b Е. Н. |c математик |c доцент Томского политехнического университета, кандидат технических наук |f 1946- |g Евгений Николаевич |3 (RuTPU)RU\TPU\pers\28898 | |
| 701 | 1 | |a Подскребко |b Э. Н. |c математик |c доцент Томского политехнического университета, кандидат физико-математических наук |f 1946- |g Эльвира Николаевна |3 (RuTPU)RU\TPU\pers\28056 | |
| 701 | 1 | |a Рожкова |b В. И. |c математик |c доцент Томского политехнического университета |f 1940- |g Валентина Ивановна |3 (RuTPU)RU\TPU\pers\31122 | |
| 701 | 1 | |a Рожкова |b С. В. |c математик |c профессор Томского политехнического университета, доктор физико-математических наук |f 1971- |g Светлана Владимировна |3 (RuTPU)RU\TPU\pers\25740 |9 11642 | |
| 701 | 1 | |a Шахматов |b В. М. |c математик |c доцент Томского политехнического университета, кандидат физико-математических наук |f 1949- |g Валерий Михайлович |3 (RuTPU)RU\TPU\pers\25836 | |
| 712 | 0 | 2 | |a Национальный исследовательский Томский политехнический университет (ТПУ) |c (2009- ) |3 (RuTPU)RU\TPU\col\15902 |
| 801 | 1 | |a RU |b 63413507 |c 20160310 | |
| 801 | 2 | |a RU |b 63413507 |c 20190123 |g RCR | |
| 856 | 4 | |u http://www.lib.tpu.ru/fulltext/m/2016/m02.pdf | |
| 942 | |c CF | ||